000 00542 a2200169 4500
999 _c4906
_d4906
010 _aENG-86657
020 _c295.00
_a8189013777
035 _aEN-70190
037 _bDBAD / PUB
082 1 4 _aS
245 1 _aInner line :
_cedited by Urvashi Butalia
_bthe zubaan anthology of stories by Indian women /
260 _aNew Delhi
_bZubaan
_c2006
270 _aK-92, Fierst Floor, Hauz Khas Enclave,
_bNew Delhi
_e110 016
_mzubaanwbooks@vsnl.net
300 _axiv, 243 p
_c21 cm (Pbk)
700 1 _aButalia, Urvashi
942 _adpl
_cEN
_2ddc
_hS
_mINN